[Event "84th Tata Steel Masters 2022"]
[Site "Wijk aan Zee"]
[Date "2022.01.18"]
[Round "4.1"]
[White "Carlsen, Magnus"]
[Black "Van Foreest, Jorden"]
[Result "1/2-1/2"]
[WhiteElo "2856"]
[BlackElo "2702"]
[Annotator "TA"]
[PlyCount "103"]
[EventDate "2022.01.15"]
[EventType "tourn"]
[EventCountry "NED"]
[SourceTitle "playchess.com"]
[Source "ChessBase"]
[SourceQuality "1"]

1. Nf3 d5 2. g3 g6 3. Bg2 Bg7 4. d4 Nf6 5. O-O O-O 6. c4 c6 7. b3 Bf5 8. Bb2 Nbd7 9. e3 Ne4 10. Nc3 Nxc3 11. Bxc3 Be4 12. Qe2 e6 13. Rfd1 a5 14. Bf1 Bxf3 15. Qxf3 Nc5 16. Be1 Ne4 17. Bd3 f5 18. Rac1 g5 19. Qe2 g4 20. Bxe4 fxe4 21. Qxg4 Qe8 22. cxd5 exd5 23. Rc5 h5 24. Qh3 Qf7 25. Qg2 a4 26. b4 Qd7 27. b5 h4 28. Rdc1 Rf6 29. bxc6 bxc6 30. g4 h3 31. Qxh3 Raf8 32. Qg2 Rg6 33. g5 Rf5 34. h4 Bf8 35. R5c2 Be7 36. Rb2 Bxg5 37. Kf1 Qa7 38. Qg4 Qa6+ 39. Kg1 Rg7 40. Rb8+ Bd8 41. Rxd8+ Rf8 42. Rxf8+ Kxf8 43. Bb4+ Kg8 44. Qxg7+ Kxg7 45. a3 Kg6 46. Kg2 Kh5 47. Rh1 c5 48. Bxc5 Qg6+ 49. Kf1 Qa6+ 50. Kg2 Qg6+ 51. Kf1 Qa6+ 52. Kg2 1/2-1/2

[Event "83rd Tata Steel Masters 2021"]
[Site "Wijk aan Zee"]
[Date "2021.01.19"]
[Round "4.1"]
[White "Van Foreest, Jorden"]
[Black "Carlsen, Magnus"]
[Result "1/2-1/2"]
[WhiteElo "2671"]
[BlackElo "2862"]
[Annotator "TA"]
[PlyCount "116"]
[EventDate "2021.01.16"]
[EventType "tourn"]
[EventCountry "NED"]
[SourceTitle "playchess.com"]
[Source "ChessBase"]
[SourceQuality "1"]

1. e4 e5 2. Nf3 Nc6 3. Bb5 a6 4. Ba4 Nf6 5. O-O b5 6. Bb3 Bb7 7. d3 Be7 8. Nc3 O-O 9. a3 Nd4 10. Nxd4 exd4 11. Ne2 c5 12. Bg5 d5 13. Bxf6 Bxf6 14. Bxd5 Bxd5 15. exd5 Qxd5 16. Ng3 c4 17. Re1 Rae8 18. a4 Rxe1+ 19. Qxe1 cxd3 20. cxd3 bxa4 21. Qd1 Qb5 22. Ne4 Be7 23. Qc2 Rb8 24. Rxa4 Qxb2 25. Qxb2 Rxb2 26. g4 Rb6 27. Rxd4 Kf8 28. Rd7 Rg6 29. Kf1 Rxg4 30. Ra7 f5 31. Ng3 g6 32. Rxa6 Rh4 33. Kg2 Rd4 34. Ne2 Rxd3 35. Ng1 Rd7 36. Nf3 Kg7 37. h3 Bf6 38. Kg3 Rb7 39. Kg2 Re7 40. Ra5 Rc7 41. Rd5 Ra7 42. Rb5 Be7 43. Nd4 Rd7 44. Nf3 Rd6 45. Rb7 Kf6 46. Ra7 h6 47. Nh4 Bd8 48. Rh7 Rd2 49. Rxh6 Kg7 50. Rxg6+ Kh7 51. Nf3 Rxf2+ 52. Kxf2 Kxg6 53. Kg2 Kh5 54. Nd4 f4 55. Ne6 Bg5 56. Nxg5 Kxg5 57. Kf3 Kh4 58. Kxf4 Kxh3 1/2-1/2

[Event "82nd Tata Steel Masters 2020"]
[Site "Wijk aan Zee"]
[Date "2020.01.14"]
[Round "4.1"]
[White "Van Foreest, Jorden"]
[Black "Carlsen, Magnus"]
[Result "1/2-1/2"]
[WhiteElo "2644"]
[BlackElo "2872"]
[Annotator "TA"]
[PlyCount "89"]
[EventDate "2020.01.11"]
[EventType "tourn"]
[EventCountry "NED"]
[SourceTitle "playchess.com"]
[Source "ChessBase"]
[SourceQuality "1"]

1. e4 e5 2. Nf3 Nc6 3. Bc4 Nf6 4. Ng5 d5 5. exd5 Na5 6. Bb5+ c6 7. dxc6 bxc6 8. Bd3 Nd5 9. Nf3 Bd6 10. Nc3 O-O 11. Be2 Nf4 12. O-O Bg4 13. d3 Nxe2+ 14. Qxe2 f5 15. h3 Bh5 16. g4 fxg4 17. Ng5 Qd7 18. Nce4 Be7 19. Ng3 Bg6 20. Qxg4 Qxg4 21. hxg4 c5 22. N5e4 Nc6 23. Be3 Nd4 24. Rac1 Rac8 25. Kg2 c4 26. Bxd4 exd4 27. f3 Rc6 28. b3 Ba3 29. Rce1 cxd3 30. cxd3 a5 31. Rf2 Bc1 32. Nd2 Bxd3 33. Nc4 Bf4 34. Ne5 Rc3 35. Nxd3 Rxd3 36. Nf5 g6 37. Re4 Bg5 38. Ne7+ Kh8 39. Nc6 Be3 40. Re2 Rd1 41. Nxa5 Rg1+ 42. Kh2 Rc1 43. Kg2 Rg1+ 44. Kh2 Rc1 45. Kg2 1/2-1/2

[Event "84th Tata Steel Challengers 2022"]
[Site "Wijk aan Zee"]
[Date "2022.01.18"]
[Round "4.1"]
[White "Murzin, Volodar"]
[Black "L'Ami, Erwin"]
[Result "1/2-1/2"]
[WhiteElo "2519"]
[BlackElo "2622"]
[Annotator "TA"]
[PlyCount "87"]
[EventDate "2022.01.15"]
[EventType "tourn"]
[EventCountry "NED"]
[SourceTitle "playchess.com"]
[Source "ChessBase"]
[SourceQuality "1"]

1. e4 e5 2. Nf3 Nc6 3. Bb5 a6 4. Ba4 Nf6 5. O-O Be7 6. Re1 b5 7. Bb3 d6 8. a4 Bd7 9. c3 O-O 10. h3 h6 11. d4 Re8 12. Nbd2 Bf8 13. dxe5 Nxe5 14. Nxe5 dxe5 15. Nf3 c5 16. Bc2 c4 17. Be3 Qc7 18. Nd2 Bc5 19. Qf3 Bxe3 20. Qxe3 Be6 21. axb5 axb5 22. Nf3 Nd7 23. Nh4 Qc5 24. Qg3 Nf6 25. Rxa8 Rxa8 26. Nf5 Bxf5 27. exf5 Re8 28. Qe3 Qxe3 29. Rxe3 Kf8 30. Be4 Rc8 31. Kf1 Ne8 32. Bf3 Rc5 33. g4 Nd6 34. Re1 Ke7 35. Kg2 g6 36. fxg6 fxg6 37. Kf1 g5 38. Ra1 e4 39. Bg2 Kf6 40. Ra7 Rd5 41. Ke1 Rd3 42. Bf1 Rd5 43. Bg2 Rd3 44. Bf1 1/2-1/2

[Event "85th Tata Steel Challengers 2023"]
[Site "Wijk aan Zee"]
[Date "2023.01.17"]
[Round "4.1"]
[White "Roebers, Eline"]
[Black "Tabatabaei, M. Amin"]
[Result "1/2-1/2"]
[WhiteElo "2361"]
[BlackElo "2686"]
[Annotator "TA"]
[PlyCount "124"]
[EventDate "2023.01.10"]
[EventType "tourn"]
[EventCountry "NED"]
[SourceTitle "playchess.com"]
[Source "ChessBase"]
[SourceQuality "1"]

1. e4 c5 2. Nf3 d6 3. d4 cxd4 4. Nxd4 Nf6 5. Nc3 Nc6 6. Bg5 Bd7 7. Nxc6 bxc6 8. Bc4 h6 9. Bxf6 exf6 10. Qd3 Be7 11. O-O O-O 12. Ne2 a5 13. a4 Rb8 14. Bb3 f5 15. exf5 d5 16. c4 Qb6 17. Bc2 Bf6 18. cxd5 cxd5 19. Nc3 d4 20. Nd5 Qd6 21. Nxf6+ Qxf6 22. Rfd1 Rb4 23. Rac1 Rc8 24. b3 Rcb8 25. Qf3 Qd6 26. Rd2 Rc8 27. Rcd1 Re8 28. Qg3 Qf6 29. h3 Re5 30. Qf3 Bc6 31. Qg3 Rc5 32. Re2 Bd7 33. Qf3 Bxf5 34. Bxf5 Rxf5 35. Qd3 g6 36. Rdd2 Kg7 37. Qc2 h5 38. Rd3 h4 39. Re4 Re5 40. Qe2 Re6 41. Qg4 Rxe4 42. Qxe4 Qd8 43. Qe5+ Kg8 44. Qc5 Kg7 45. Qe5+ f6 46. Qc5 Kh6 47. Kf1 g5 48. Kg1 Kg6 49. Qc2 Kf7 50. Qc5 Ke6 51. Rd1 Kf7 52. Rd3 Kg7 53. Kf1 Kg6 54. Qc2 Kh6 55. Qc5 Kh7 56. Kg1 Kg8 57. Kf1 Kf7 58. Kg1 Qe7 59. Qd5+ Qe6 60. Rxd4 Qxd5 61. Rxd5 Rxb3 62. Rxa5 Rb1+ 1/2-1/2

[Event "82nd Tata Steel Qualifiers 2020"]
[Site "Wijk aan Zee"]
[Date "2020.01.20"]
[Round "4.1"]
[White "Van Dael, Siem"]
[Black "Vogel, Roven"]
[Result "1-0"]
[WhiteElo "2252"]
[BlackElo "2465"]
[Annotator "TA"]
[PlyCount "87"]
[EventDate "2020.01.18"]
[EventCountry "NED"]
[SourceTitle "playchess.com"]
[Source "ChessBase"]
[SourceQuality "1"]

1. e4 c5 2. Nf3 d6 3. d4 cxd4 4. Nxd4 Nf6 5. Nc3 Nc6 6. Nd5 Nxd5 7. exd5 Qa5+ 8. Bd2 Qxd5 9. Nb5 Qe6+ 10. Be2 Qd7 11. c4 a6 12. Nc3 e6 13. Be3 Be7 14. O-O Rb8 15. Rb1 O-O 16. b4 Qc7 17. b5 Ne5 18. Qb3 b6 19. Na4 a5 20. Rfd1 Nd7 21. Bd4 e5 22. Be3 Bb7 23. Bg4 Be4 24. Rbc1 Nf6 25. f3 Ba8 26. Bh3 Rfd8 27. Qb2 Nd7 28. Bxd7 Rxd7 29. Bxb6 Qc8 30. Be3 Rc7 31. Nb6 Qe6 32. Nxa8 Rxa8 33. b6 Rb7 34. Qb5 h5 35. h3 a4 36. Qc6 Qc8 37. Rxd6 Bxd6 38. Qxd6 Qe8 39. Qd5 Rab8 40. c5 Qb5 41. Qe4 a3 42. Rb1 Qe2 43. c6 Re7 44. c7 1-0

[Event "Tata Steel Tienkampen 2023"]
[Site "Wijk aan Zee"]
[Date "2023.01.23"]
[Round "4.1"]
[White "Culum, Sanjin"]
[Black "Beukema, Stefan"]
[Result "0-1"]
[WhiteElo "2242"]
[BlackElo "2411"]
[Annotator "TA"]
[PlyCount "62"]
[EventDate "2023.01.20"]
[EventType "swiss"]
[EventCountry "NED"]
[SourceTitle "playchess.com"]
[Source "ChessBase"]
[SourceQuality "1"]

1. d4 f5 2. g3 Nf6 3. Bg2 d6 4. Nf3 g6 5. O-O Bg7 6. c4 O-O 7. Nc3 c6 8. d5 Bd7 9. Rb1 a5 10. Nd4 Qe8 11. e4 fxe4 12. Nxe4 Nxe4 13. Bxe4 Na6 14. Bg2 Nc7 15. b3 cxd5 16. cxd5 Qf7 17. Ne6 Nxe6 18. dxe6 Bxe6 19. Be3 d5 20. Bd4 Rac8 21. Bxg7 Kxg7 22. Qd4+ Qf6 23. Qa7 Rc2 24. Rbe1 d4 25. Qb6 Bg4 26. Qxa5 Be2 27. Rc1 Bxf1 28. Rxc2 Bxg2 29. Kxg2 Qf3+ 30. Kf1 d3 31. Qe5+ Kh6 0-1

[Event "85th Tata Steel Masters 2023"]
[Site "Wijk aan Zee"]
[Date "2023.01.17"]
[Round "4.2"]
[White "Ding, Liren"]
[Black "Praggnanandhaa R"]
[Result "0-1"]
[WhiteElo "2811"]
[BlackElo "2684"]
[Annotator "TA"]
[PlyCount "146"]
[EventDate "2023.01.10"]
[EventType "tourn"]
[EventCountry "NED"]
[SourceTitle "playchess.com"]
[Source "ChessBase"]
[SourceQuality "1"]

1. e4 e5 2. Nf3 Nc6 3. Bc4 Bc5 4. O-O Nf6 5. d3 d6 6. c3 a6 7. Re1 Ba7 8. a4 O-O 9. h3 Be6 10. Bxe6 fxe6 11. Be3 Bxe3 12. fxe3 a5 13. Nbd2 Qd7 14. Qb3 b6 15. Rad1 Kh8 16. Qb5 Nd8 17. Qxd7 Nxd7 18. d4 Nf7 19. Kf2 Ng5 20. Ke2 Nxf3 21. Nxf3 Nf6 22. Nd2 Kg8 23. Rf1 Rfe8 24. Rf3 Rad8 25. g4 d5 26. Rff1 exd4 27. cxd4 dxe4 28. g5 Nd5 29. Nxe4 e5 30. Rf5 Nb4 31. dxe5 Rxd1 32. Kxd1 Nd3 33. Kc2 Nxe5 34. Nd2 Re6 35. Rf4 Rc6+ 36. Kb1 Nd3 37. Rd4 Rc1+ 38. Ka2 Nb4+ 39. Kb3 Kf7 40. Nc4 Kg6 41. h4 Kh5 42. Ne5 Re1 43. Re4 Rh1 44. Nd7 Rxh4 45. Re7 Kxg5 46. Rxg7+ Kh6 47. Re7 Kg5 48. Nf8 h5 49. Rg7+ Kf5 50. Rf7+ Ke4 51. Rxc7 Kxe3 52. Ng6 Rd4 53. Rh7 Rd3+ 54. Kc4 Rd5 55. Re7+ Kf2 56. Rb7 Rd6 57. Nf4 h4 58. Rg7 Kf3 59. Nh3 Nc6 60. Ng5+ Kf4 61. Nh3+ Kf3 62. Ng5+ Ke3 63. Nh3 Nd4 64. Rg4 Rc6+ 65. Kd5 Rc5+ 66. Kd6 Nf5+ 67. Kd7 Kf3 68. Rg6 Rd5+ 69. Ke6 Ne3 70. Ng1+ Ke4 71. Nh3 Rd4 72. b3 Rb4 73. Rf6 Kd3 0-1

[Event "83rd Tata Steel Masters 2021"]
[Site "Wijk aan Zee"]
[Date "2021.01.19"]
[Round "4.2"]
[White "Vachier-Lagrave, Maxime"]
[Black "Anton Guijarro, David"]
[Result "1/2-1/2"]
[WhiteElo "2784"]
[BlackElo "2679"]
[Annotator "TA"]
[PlyCount "159"]
[EventDate "2021.01.16"]
[EventType "tourn"]
[EventCountry "NED"]
[SourceTitle "playchess.com"]
[Source "ChessBase"]
[SourceQuality "1"]

1. e4 e5 2. Nf3 Nc6 3. Bb5 a6 4. Ba4 Nf6 5. O-O Be7 6. Re1 b5 7. Bb3 O-O 8. c3 d5 9. exd5 Nxd5 10. Nxe5 Nxe5 11. Rxe5 c6 12. Re1 Bd6 13. d3 Qh4 14. g3 Qh3 15. Re4 Qf5 16. Nd2 Qg6 17. Nf3 Bg4 18. h3 Bxh3 19. Nh4 Qf6 20. Qh5 g6 21. Qe2 Qg7 22. Be3 Nxe3 23. Qxe3 Qf6 24. Re1 Kg7 25. g4 Qxh4 26. g5 Bf4 27. Qxf4 Qxf4 28. Rxf4 Bf5 29. Re7 c5 30. Bd5 Rae8 31. Rc7 Re5 32. c4 h6 33. gxh6+ Kxh6 34. Rf3 Re2 35. Rxc5 Rxb2 36. Rc6 Kg5 37. Rxa6 bxc4 38. Bxc4 Rb1+ 39. Kg2 Bc8 40. Ra5+ f5 41. Rg3+ Kf6 42. d4 Rc1 43. Be2 Re1 44. Ba6 f4 45. Rf3 Bf5 46. Rxf4 Ra8 47. d5 Ke5 48. Rfa4 Rb8 49. d6+ Kxd6 50. Bd3 Bxd3 51. Rd4+ Ke6 52. Rxd3 Rb6 53. Rg3 Kf6 54. Rf3+ Kg7 55. Ra7+ Kh6 56. Rh3+ Kg5 57. Rf7 Re2 58. Ra3 Rc2 59. Kg3 Rb1 60. Kg2 Rb6 61. Ra5+ Kh6 62. Ra8 Kg5 63. a4 Ra2 64. Ra5+ Kh6 65. Rf4 Rc6 66. Rh4+ Kg7 67. Kg3 Ra3+ 68. f3 Rd6 69. Ra7+ Kf6 70. Rb4 Kg5 71. Ra8 Rc6 72. a5 Kh6 73. Rh4+ Kg5 74. Rf4 Rd6 75. Rf7 Rc6 76. Rb8 Ra6 77. Rb6 R3xa5 78. f4+ Kh6 79. Rbb7 g5 80. Kg4 1/2-1/2

[Event "84th Tata Steel Masters 2022"]
[Site "Wijk aan Zee"]
[Date "2022.01.18"]
[Round "4.2"]
[White "Vidit, Santosh Gujrathi"]
[Black "Esipenko, Andrey"]
[Result "1/2-1/2"]
[WhiteElo "2727"]
[BlackElo "2714"]
[Annotator "TA"]
[PlyCount "63"]
[EventDate "2022.01.15"]
[EventType "tourn"]
[EventCountry "NED"]
[SourceTitle "playchess.com"]
[Source "ChessBase"]
[SourceQuality "1"]

1. e4 e5 2. Nf3 Nc6 3. Bc4 Nf6 4. d3 Bc5 5. c3 d6 6. O-O h6 7. Re1 O-O 8. h3 Bb6 9. a4 a5 10. Nbd2 Ne7 11. Bb3 c6 12. Nf1 Ng6 13. Ng3 d5 14. exd5 Nxd5 15. d4 exd4 16. Nxd4 Re8 17. Rxe8+ Qxe8 18. Bxd5 cxd5 19. Be3 Bc7 20. Qd2 Bd7 21. b3 Bxg3 22. fxg3 Qe5 23. Qf2 Rc8 24. Rf1 f6 25. Re1 Qd6 26. Nf5 Bxf5 27. Qxf5 Ne7 28. Qg4 Rxc3 29. Bf4 Qc5+ 30. Kh2 Kh7 31. h4 d4 32. Qe6 1/2-1/2

[Event "82nd Tata Steel Masters 2020"]
[Site "Wijk aan Zee"]
[Date "2020.01.14"]
[Round "4.2"]
[White "Yu, Yangyi"]
[Black "Anand, Viswanathan"]
[Result "1/2-1/2"]
[WhiteElo "2726"]
[BlackElo "2758"]
[Annotator "TA"]
[PlyCount "63"]
[EventDate "2020.01.11"]
[EventType "tourn"]
[EventCountry "NED"]
[SourceTitle "playchess.com"]
[Source "ChessBase"]
[SourceQuality "1"]

1. d4 Nf6 2. c4 e6 3. Nc3 Bb4 4. Nf3 d5 5. Qb3 c5 6. dxc5 Nc6 7. Bg5 dxc4 8. Qxc4 h6 9. Bxf6 Qxf6 10. e3 Qe7 11. Rc1 Qxc5 12. Qb3 Qb6 13. a3 Bxc3+ 14. Qxc3 O-O 15. Bd3 Ne7 16. O-O Nd5 17. Qc2 Bd7 18. Ne5 Bb5 19. Rfd1 Bxd3 20. Rxd3 Qd6 21. Nf3 Qe7 22. h3 Nb6 23. Qc7 Qf6 24. Qxb7 Rfb8 25. Qa6 Qxb2 26. Rdc3 Nd5 27. R3c2 Qb7 28. Rc6 Qxa6 29. Rxa6 Rb6 30. Ra5 a6 31. Nd4 Rab8 32. g3 1/2-1/2

[Event "85th Tata Steel Challengers 2023"]
[Site "Wijk aan Zee"]
[Date "2023.01.17"]
[Round "4.2"]
[White "Ivic, Velimir"]
[Black "Vaishali, Rameshbabu"]
[Result "1-0"]
[WhiteElo "2585"]
[BlackElo "2425"]
[Annotator "TA"]
[PlyCount "93"]
[EventDate "2023.01.10"]
[EventType "tourn"]
[EventCountry "NED"]
[SourceTitle "playchess.com"]
[Source "ChessBase"]
[SourceQuality "1"]

1. e4 c5 2. Nf3 e6 3. d4 cxd4 4. Nxd4 Nf6 5. Nc3 Nc6 6. Nxc6 bxc6 7. e5 Nd5 8. Ne4 Qc7 9. f4 Qb6 10. c4 Bb4+ 11. Ke2 f5 12. Nf2 Ba6 13. Kf3 Ne7 14. Be3 Bc5 15. Bxc5 Qxc5 16. Qd6 Qb6 17. b3 c5 18. Rd1 Bb7+ 19. Ke3 Qxd6 20. exd6 Ng6 21. Nd3 Rc8 22. h4 h5 23. Be2 Kf7 24. Bf3 Bxf3 25. gxf3 Rhe8 26. Ne5+ Nxe5 27. fxe5 a5 28. Rb1 Rc6 29. Rb2 Rb8 30. Rhb1 Rcb6 31. a3 g5 32. hxg5 Kg6 33. f4 h4 34. Kf3 Kh5 35. g6 Kxg6 36. Rg1+ Kf7 37. b4 axb4 38. Rbg2 Rf8 39. Rg7+ Ke8 40. axb4 cxb4 41. Ra1 Rb8 42. Re7+ Kd8 43. Ra7 h3 44. Rexd7+ Ke8 45. Re7+ Kd8 46. c5 h2 47. Kg2 1-0

[Event "82nd Tata Steel Challengers 2020"]
[Site "Wijk aan Zee"]
[Date "2020.01.14"]
[Round "4.2"]
[White "Warmerdam, Max"]
[Black "Nihal Sarin"]
[Result "0-1"]
[WhiteElo "2498"]
[BlackElo "2618"]
[Annotator "TA"]
[PlyCount "75"]
[EventDate "2020.01.11"]
[EventType "tourn"]
[EventCountry "NED"]
[SourceTitle "playchess.com"]
[Source "ChessBase"]
[SourceQuality "1"]

1. e4 c6 2. d4 d5 3. e5 c5 4. Nf3 Nc6 5. dxc5 e6 6. Be3 Nh6 7. c3 Nf5 8. Qd2 Bd7 9. Na3 Nxe3 10. Qxe3 b6 11. cxb6 Bxa3 12. b7 Rb8 13. bxa3 Rxb7 14. Ba6 Rb2 15. O-O Qb6 16. Qc1 O-O 17. Bd3 h6 18. c4 Rb8 19. cxd5 exd5 20. Rb1 Rxb1 21. Bxb1 Bg4 22. Qc2 g6 23. Re1 Bxf3 24. gxf3 Nxe5 25. Rxe5 Qxb1+ 26. Qxb1 Rxb1+ 27. Kg2 Rb5 28. Re3 Kg7 29. Rb3 Ra5 30. f4 Kf6 31. Kf3 Kf5 32. Rd3 d4 33. h3 Ra4 34. Rb3 a6 35. Rd3 Rc4 36. Rd2 h5 37. h4 Rc3+ 38. Ke2 0-1

[Event "84th Tata Steel Challengers 2022"]
[Site "Wijk aan Zee"]
[Date "2022.01.18"]
[Round "4.2"]
[White "Vogel, Roven"]
[Black "Erigaisi Arjun"]
[Result "0-1"]
[WhiteElo "2452"]
[BlackElo "2629"]
[Annotator "TA"]
[PlyCount "60"]
[EventDate "2022.01.15"]
[EventType "tourn"]
[EventCountry "NED"]
[SourceTitle "playchess.com"]
[Source "ChessBase"]
[SourceQuality "1"]

1. c4 Nf6 2. Nf3 g6 3. Nc3 Bg7 4. e4 d6 5. d4 O-O 6. Be2 e5 7. O-O Bg4 8. d5 a5 9. Ne1 Bd7 10. Nd3 Na6 11. Bg5 h6 12. Be3 b6 13. Qd2 Kh7 14. f4 exf4 15. Rxf4 Qe7 16. Raf1 g5 17. R4f2 Rae8 18. Bf3 Ng4 19. Bxg4 Bxg4 20. h3 Bh5 21. e5 Bg6 22. Rf5 Nb4 23. Nxb4 axb4 24. Ne4 Bxf5 25. Rxf5 Bxe5 26. Qc2 Kg8 27. Nf2 Bg7 28. Ng4 Qe4 29. Qf2 h5 30. Rxg5 hxg4 0-1

[Event "Tata Steel Tienkampen 2023"]
[Site "Wijk aan Zee"]
[Date "2023.01.23"]
[Round "4.2"]
[White "De Winter, Arthur"]
[Black "Lopez, Jasel"]
[Result "1-0"]
[WhiteElo "2371"]
[BlackElo "2434"]
[Annotator "TA"]
[PlyCount "160"]
[EventDate "2023.01.20"]
[EventType "swiss"]
[EventCountry "NED"]
[SourceTitle "playchess.com"]
[Source "ChessBase"]
[SourceQuality "1"]

1. e4 c5 2. Nf3 d6 3. d4 cxd4 4. Nxd4 Nf6 5. Nc3 g6 6. Be3 Bg7 7. f3 O-O 8. Qd2 Nc6 9. O-O-O d5 10. exd5 Nxd5 11. Nxc6 bxc6 12. Bd4 e5 13. Bc5 Be6 14. Ne4 Re8 15. h4 h6 16. g4 Qc7 17. Bc4 Red8 18. Qf2 Nf4 19. Bxe6 Nxe6 20. h5 g5 21. Be3 Rd5 22. Qe2 Rb8 23. Qc4 Qb7 24. b3 Rbd8 25. c3 Qd7 26. Rd2 Rxd2 27. Bxd2 Qd5 28. Be3 Qa5 29. Qa4 Qd5 30. Qxa7 Qd3 31. Re1 Nf4 32. Bb6 Re8 33. Qa4 Re6 34. Qc4 Qxf3 35. Rd1 Ne2+ 36. Kb2 Nd4 37. Qd3 Qxg4 38. cxd4 exd4 39. Re1 Qxh5 40. Rf1 Qg6 41. Nc5 Re2+ 42. Kb1 Qh5 43. Qf5 Rh2 44. Qc8+ Kh7 45. Qxc6 Qe2 46. Qe4+ Qxe4+ 47. Nxe4 d3 48. Nf2 g4 49. Bc7 Rg2 50. Nxd3 Kg8 51. Be5 h5 52. Bxg7 Kxg7 53. Rh1 Rd2 54. Nf4 Rf2 55. Nxh5+ Kg6 56. a4 Rf5 57. Ng3 Rf3 58. Ne4 Rxb3+ 59. Kc2 Rb4 60. Nc3 f5 61. a5 Rb8 62. a6 Ra8 63. Ra1 f4 64. Kd3 Kf5 65. Ke2 Ke6 66. a7 Kd7 67. Ra6 Kc7 68. Rg6 Kb7 69. Nb5 f3+ 70. Kf2 Rh8 71. Rxg4 Kb6 72. Ra4 Ra8 73. Nd6 Kc7 74. Ra6 Kd8 75. Kxf3 Kc7 76. Ke4 Kd8 77. Kd5 Kd7 78. Nb5 Kd8 79. Ke4 Rxa7 80. Nd6 Ra8 1-0

[Event "84th Tata Steel Masters 2022"]
[Site "Wijk aan Zee"]
[Date "2022.01.18"]
[Round "4.3"]
[White "Mamedyarov, Shakhriyar"]
[Black "Duda, Jan-Krzysztof"]
[Result "1-0"]
[WhiteElo "2767"]
[BlackElo "2760"]
[Annotator "TA"]
[PlyCount "81"]
[EventDate "2022.01.15"]
[EventType "tourn"]
[EventCountry "NED"]
[SourceTitle "playchess.com"]
[Source "ChessBase"]
[SourceQuality "1"]

1. d4 Nf6 2. c4 e6 3. Nf3 d5 4. Nc3 c5 5. cxd5 cxd4 6. Qxd4 exd5 7. e4 dxe4 8. Qxd8+ Kxd8 9. Ng5 Be6 10. Nxe6+ fxe6 11. Bg5 h6 12. O-O-O+ Ke7 13. Bxf6+ gxf6 14. Nxe4 f5 15. Ng3 h5 16. Bc4 Nd7 17. Kb1 Ne5 18. Bb3 Kf6 19. Rhe1 Re8 20. Ba4 Re7 21. h4 Ng6 22. Rd4 Rc7 23. Bb3 e5 24. Rd8 Nxh4 25. Re8 Ng6 26. Re6+ Kg5 27. Bc2 h4 28. Re3 e4 29. Nxf5 Kxf5 30. R3xe4 Rxc2 31. Kxc2 Bc5 32. g4+ Kg5 33. f4+ Nxf4 34. R6e5+ Kxg4 35. Rxc5 Kf3 36. Rb4 h3 37. Rc3+ Kg4 38. Rcc4 Rf8 39. Rxb7 h2 40. Rh7 Kg3 41. Kb3 1-0

[Event "83rd Tata Steel Masters 2021"]
[Site "Wijk aan Zee"]
[Date "2021.01.19"]
[Round "4.3"]
[White "Duda, Jan-Krzysztof"]
[Black "Giri, Anish"]
[Result "1/2-1/2"]
[WhiteElo "2743"]
[BlackElo "2764"]
[Annotator "TA"]
[PlyCount "77"]
[EventDate "2021.01.16"]
[EventType "tourn"]
[EventCountry "NED"]
[SourceTitle "playchess.com"]
[Source "ChessBase"]
[SourceQuality "1"]

1. d4 Nf6 2. c4 g6 3. Nc3 d5 4. cxd5 Nxd5 5. e4 Nxc3 6. bxc3 Bg7 7. Bc4 c5 8. Ne2 O-O 9. O-O Nc6 10. Be3 b6 11. dxc5 Qc7 12. Nd4 Ne5 13. Nb5 Qb8 14. Be2 bxc5 15. Bxc5 a6 16. Na3 Qc7 17. Bd4 Rd8 18. Qc1 Ng4 19. Bxg4 Bxg4 20. Qe3 Rac8 21. e5 Qc6 22. Nc2 Bf5 23. Nb4 Qe4 24. Qxe4 Bxe4 25. Rfe1 Bb7 26. Rab1 e6 27. Nd3 Bd5 28. Nc5 Bf8 29. Nxa6 Bxa2 30. Rb6 Bc4 31. h3 Bxa6 32. Rxa6 Bc5 33. Ra4 Bxd4 34. cxd4 Rc2 35. g3 Rd2 36. Re4 Rd7 37. Kg2 Kg7 38. h4 h6 39. Kf3 1/2-1/2

[Event "85th Tata Steel Masters 2023"]
[Site "Wijk aan Zee"]
[Date "2023.01.17"]
[Round "4.3"]
[White "Rapport, Richard"]
[Black "Caruana, Fabiano"]
[Result "1/2-1/2"]
[WhiteElo "2740"]
[BlackElo "2766"]
[Annotator "TA"]
[PlyCount "71"]
[EventDate "2023.01.10"]
[EventType "tourn"]
[EventCountry "NED"]
[SourceTitle "playchess.com"]
[Source "ChessBase"]
[SourceQuality "1"]

1. c4 e6 2. Nc3 d5 3. d4 Nf6 4. cxd5 exd5 5. Bg5 Bb4 6. e3 h6 7. Bh4 g5 8. Bg3 h5 9. h4 Ne4 10. Nge2 Bg4 11. Qb3 Nxg3 12. Nxg3 Nc6 13. Bb5 Bxc3+ 14. Qxc3 Rh6 15. hxg5 Qxg5 16. Qc5 a6 17. Be2 O-O-O 18. Bxg4+ Qxg4 19. Qc2 Ne7 20. Qe2 Rdh8 21. Qxg4+ hxg4 22. Rxh6 Rxh6 23. Rc1 Kd7 24. Rc3 Nc8 25. e4 dxe4 26. Nxe4 b6 27. Ng3 Nd6 28. f3 Rh4 29. Ne2 Rh1+ 30. Kf2 gxf3 31. gxf3 Rd1 32. Ke3 Nf5+ 33. Ke4 Nd6+ 34. Ke3 Nf5+ 35. Ke4 Nd6+ 36. Ke3 1/2-1/2

[Event "82nd Tata Steel Masters 2020"]
[Site "Wijk aan Zee"]
[Date "2020.01.14"]
[Round "4.3"]
[White "Dubov, Daniil"]
[Black "Duda, Jan-Krzysztof"]
[Result "1/2-1/2"]
[WhiteElo "2683"]
[BlackElo "2758"]
[Annotator "TA"]
[PlyCount "45"]
[EventDate "2020.01.11"]
[EventType "tourn"]
[EventCountry "NED"]
[SourceTitle "playchess.com"]
[Source "ChessBase"]
[SourceQuality "1"]

1. d4 Nf6 2. c4 e6 3. Nf3 d5 4. g3 dxc4 5. Bg2 a6 6. O-O Nc6 7. Qc2 Nxd4 8. Nxd4 Qxd4 9. Nd2 c3 10. bxc3 Qc5 11. Rb1 Be7 12. Ne4 Nxe4 13. Bxe4 h6 14. c4 O-O 15. Be3 Qe5 16. Bxb7 Bxb7 17. Rxb7 Bg5 18. Ba7 Rfd8 19. f4 Qd6 20. fxg5 Rxa7 21. Rxa7 Qb6+ 22. e3 Qxa7 23. Qf2 1/2-1/2

[Event "85th Tata Steel Challengers 2023"]
[Site "Wijk aan Zee"]
[Date "2023.01.17"]
[Round "4.3"]
[White "Adhiban, B.."]
[Black "Sindarov, Javokhir"]
[Result "1/2-1/2"]
[WhiteElo "2610"]
[BlackElo "2654"]
[Annotator "TA"]
[PlyCount "78"]
[EventDate "2023.01.10"]
[EventType "tourn"]
[EventCountry "NED"]
[SourceTitle "playchess.com"]
[Source "ChessBase"]
[SourceQuality "1"]

1. d4 Nf6 2. c4 g6 3. f3 Bg7 4. e4 d6 5. Nc3 O-O 6. Be3 c5 7. dxc5 dxc5 8. Qxd8 Rxd8 9. Bxc5 Nc6 10. Rd1 Rxd1+ 11. Kxd1 Nd7 12. Bf2 Bxc3 13. bxc3 Nde5 14. Ne2 Nxc4 15. Nf4 Nd6 16. Nd5 Bd7 17. Bg3 Rd8 18. Bd3 Be6 19. Kc2 Bxd5 20. exd5 Na5 21. Re1 Kf8 22. Bf4 f6 23. h4 Ndc4 24. Re4 Nb6 25. d6 e5 26. Be3 Kf7 27. h5 Rxd6 28. hxg6+ hxg6 29. Rh4 f5 30. Rh7+ Kg8 31. Rc7 Rc6 32. Bxb6 axb6 33. Re7 Kf8 34. Rxe5 Rc5 35. Re1 Nc6 36. Rb1 Ra5 37. Bc4 Rc5 38. Bd3 Ra5 39. Bc4 Rc5 1/2-1/2

[Event "84th Tata Steel Challengers 2022"]
[Site "Wijk aan Zee"]
[Date "2022.01.18"]
[Round "4.3"]
[White "Nguyen, Thai Dai Van"]
[Black "Shuvalova, Polina"]
[Result "1/2-1/2"]
[WhiteElo "2609"]
[BlackElo "2516"]
[Annotator "TA"]
[PlyCount "31"]
[EventDate "2022.01.15"]
[EventType "tourn"]
[EventCountry "NED"]
[SourceTitle "playchess.com"]
[Source "ChessBase"]
[SourceQuality "1"]

1. Nf3 d5 2. g3 g6 3. Bg2 Bg7 4. d4 Nf6 5. O-O O-O 6. c3 c6 7. a4 a5 8. Bf4 Qb6 9. Nbd2 Qxb2 10. Rb1 Qa3 11. c4 Na6 12. Ra1 Qb2 13. Rb1 Qa3 14. Ra1 Qb2 15. Rb1 Qa3 16. Ra1 1/2-1/2